Statistics for Top 20 Most Famous Countries of the World in Italian

Click here to take the quiz!

General Stats

  • This quiz has been taken 110 times
  • The average score is 9 of 20

Answer Stats

%Paese% Correct
95Italia
74%
94Francia
67%
95Russia
64%
92Germania
63%
95Canada
62%
93Australia
60%
91Cina
53%
92India
49%
95Stati Uniti
48%
92Spagna
45%
91Argentina
44%
91Grecia
44%
91Messico
41%
91Portogallo
39%
90Brasile
37%
91Regno Unito
35%
90Svizzera
35%
91Irlanda
28%
90Svezia
26%
90Norvegia
25%

Score Distribution

Percentile by Number Answered

Percent of People with Each Score

Your Score History

You have not taken this quiz